| 000 | 01307nam a22003017a 4500 | ||
|---|---|---|---|
| 001 | BR8100860 | ||
| 003 | BR-BrBNA | ||
| 005 | 20230928090922.0 | ||
| 007 | ta | ||
| 008 | 230509b bl.||||| |||| 00| 0 por d | ||
| 040 |
_aBR-BrBNA _bpor _cBiblioteca Nacional de Agricultura |
||
| 041 | _a(Por) | ||
| 072 |
_aH10 _b1540 _b4020 _b/G514 |
||
| 090 | _ 1540 BR8100860 | ||
| 100 | 1 | _aCarvalho, C.F. | |
| 110 | 1 |
_aEscola Superior de Agricultura Luiz de Queiroz, Piracicaba, SP (Brasil) _0Tese (Mestre em Entomologia) |
|
| 245 | 1 | _aAspectos biologicos, tecnica para obtencao de ovos em condicoes de laboratorio e avaliacao de danos Erinnyis ello ello (Linnaeus, 1758)(Lepidoptera - Sphingidae)em mandioca em condicoes de campo [Manihot esculenta; Mandarora; Brasil] | |
| 246 | 1 | _a[Biological aspects, egg obtention technique in laboratory conditions and evaluation of cassava damages caused by Erinnyis ello ello (Linnaeus, 1758)(lepidoptera - Sphingidae)in field conditions [Manihot esculenta; "Mandarova"; Brazil]] | |
| 260 | 3 |
_aPiracicaba, SP (Brasil): _c1980. |
|
| 300 | _a102 p. | ||
| 500 | _a10 illus.; 35 tables; 34 ref.; Summary (Por) | ||
| 650 | _aPraga de planta | ||
| 650 | _aMandioca | ||
| 650 | _aMandarova | ||
| 650 | _aBiologia | ||
| 909 |
_a202309 _bLucia _c55 _dLucia Elande |
||
| 942 | _cBK | ||
| 999 |
_c31268 _d31268 |
||